000
00156 a2200073 4500
020
_a
9780736063685
082
_a
613.71 DEL
245
_a
STRENGTH TRAINING ANATOMY
999
_c
791937
_d
791936
942
_w
223
_x
Zanele Mgwenya
_y
223
_z
Zanele Mgwenya